000 00542nam a2200205Ia 4500
003 GCL
008 140319s9999 xx 000 0 eng d
020 _a0806993995
040 _aGCL /
_cGCL
082 0 4 _a745.513
_bS F
100 1 _aSPIELMAN, PATRICK
245 1 0 _aFUN & EASY SCROLL SAW PROJECTS /
_cSPIELMAN, PATRICK
250 _aFIRST
260 _aنيويورك :
_bSTERLING PUBLISHING CO. INC. ،
_c2003
300 _a32 CM ؛
_c192 P
650 0 4 _aWOOD WORK
650 0 4 _aSCROLLS
650 0 4 _aSCROLL SAWS
942 _2ddc
_cBK
999 _c6580
_d6580